Lula musí presvedčiť skeptikov v zahraničí
Ťažkosti brazílskej ekonomiky. Ekonomiku ničí najmä vysoký deficit bežného účtu platobnej bilancie. Krajina je závislá od zahraničných finančných zdrojov. Vývoj brazílskej meny. Vysoká zadlženosť krajiny. Potreba reforiem. Zvýšenie konkurenčnej schopnosti brazílskeho exportu. Snaha o zmenu dôchodkov...
Gespeichert in:
| 1. Verfasser: | |
|---|---|
| Format: | Buchkapitel |
| Sprache: | Slowakisch |
| Schlagworte: | |
| Tags: |
Keine Tags, Fügen Sie das erste Tag hinzu!
|
MARC
| LEADER | 00000naa a2200000 4500 | ||
|---|---|---|---|
| 001 | r046887 | ||
| 005 | 20230921113636.0 | ||
| 041 | 0 | |a slo | |
| 044 | |a SK | ||
| 245 | 1 | 0 | |a Lula musí presvedčiť skeptikov v zahraničí |c Roman Schönwiesner |
| 520 | |a Ťažkosti brazílskej ekonomiky. Ekonomiku ničí najmä vysoký deficit bežného účtu platobnej bilancie. Krajina je závislá od zahraničných finančných zdrojov. Vývoj brazílskej meny. Vysoká zadlženosť krajiny. Potreba reforiem. Zvýšenie konkurenčnej schopnosti brazílskeho exportu. Snaha o zmenu dôchodkového systému, ako aj reformu zákonníka práce. | ||
| 610 | 2 | 0 | |a situácia hospodárska |
| 610 | 2 | 0 | |a účty bežné |
| 610 | 2 | 0 | |a bilancia platobná |
| 610 | 2 | 0 | |a deficit |
| 610 | 2 | 0 | |a zadlženosť zahraničná |
| 610 | 2 | 0 | |a vývoz |
| 610 | 2 | 0 | |a investície zo zahraničia |
| 610 | 2 | 0 | |a reformy hospodárske |
| 610 | 2 | 0 | |a dôchodky |
| 610 | 2 | 0 | |a Brazília |
| 100 | 1 | |a Schönwiesner, Roman | |